| 000 | 00400pab a2200145 454500 | ||
|---|---|---|---|
| 008 | 180718b2003 xxu||||| |||| 00| 0 eng d | ||
| 100 | _aClark, Ephraim | ||
| 245 | _aAn introduction of water management | ||
| 260 | _c2003 | ||
| 300 | _ap.1551-554. | ||
| 650 | _aWater resources management | ||
| 700 | _aMondello, Gerard | ||
| 773 | _aInternational Journal of Public Administration | ||
| 909 | _a58220 | ||
| 999 |
_c58220 _d58220 |
||